Revelation, rationality knowledge and truth / (Record no. 21042)

MARC details
000 -LEADER
fixed length control field 01023cam a2200325 a 4500
001 - CONTROL NUMBER
control field 12520376
003 - CONTROL NUMBER IDENTIFIER
control field BDDh-ASL
005 - DATE AND TIME OF LATEST TRANSACTION
control field 20231015025949.0
008 - FIXED-LENGTH DATA ELEMENTS--GENERAL INFORMATION
fixed length control field 010830s1998 xxka 001 0 eng
010 ## - LIBRARY OF CONGRESS CONTROL NUMBER
LC control number 2001289972
020 ## - INTERNATIONAL STANDARD BOOK NUMBER
International Standard Book Number 1853726400
025 ## - OVERSEAS ACQUISITION NUMBER
Overseas acquisition number UK-E-2001289972
035 ## - SYSTEM CONTROL NUMBER
System control number (DLC) 200128997
040 ## - CATALOGING SOURCE
Original cataloging agency DLC
Transcribing agency DLC
Modifying agency DLC
-- BDDh-ASL
042 ## - AUTHENTICATION CODE
Authentication code lcode
050 00 - LIBRARY OF CONGRESS CALL NUMBER
Classification number BP130.2
Item number .A56 1998
082 ## - DEWEY DECIMAL CLASSIFICATION NUMBER
Classification number 297.01
Item number AHR
100 1# - MAIN ENTRY--PERSONAL NAME
Personal name Ahmad, Tahir,
Dates associated with a name 1928-2003.
245 10 - TITLE STATEMENT
Title Revelation, rationality knowledge and truth /
Statement of responsibility, etc. Mirza Tahir Ahmad.
260 ## - PUBLICATION, DISTRIBUTION, ETC.
Place of publication, distribution, etc. Surrey :
Name of publisher, distributor, etc. Islam International Publications,
Date of publication, distribution, etc. 1998.
300 ## - PHYSICAL DESCRIPTION
Extent xxvi, 756 p. :
Other physical details ill. (some col.) ;
Dimensions 24 cm.
504 ## - BIBLIOGRAPHY, ETC. NOTE
Bibliography, etc. note Includes bibliographical references and indexes.
546 ## - LANGUAGE NOTE
Language note Quotations in Arabic; some in Urdu.
630 00 - SUBJECT ADDED ENTRY--UNIFORM TITLE
Uniform title Qurʼan
General subdivision Hermeneutics.
650 #0 - SUBJECT ADDED ENTRY--TOPICAL TERM
Topical term or geographic name entry element Revelation
General subdivision Islam.
650 #0 - SUBJECT ADDED ENTRY--TOPICAL TERM
Topical term or geographic name entry element Rationalism
906 ## - LOCAL DATA ELEMENT F, LDF (RLIN)
a 7
b cbc
c origode
d 3
e ncip
f 20
g y-gencatlg
942 ## - ADDED ENTRY ELEMENTS (KOHA)
Source of classification or shelving scheme Dewey Decimal Classification
Koha item type Books
Holdings
Withdrawn status Lost status Source of classification or shelving scheme Damaged status Not for loan Collection code Home library Current library Shelving location Date acquired Source of acquisition Total Checkouts Full call number Barcode Date last seen Copy number Price effective from Koha item type
    Dewey Decimal Classification     Non-fiction Asiatic Society Library Asiatic Society Library General Stacks 01/19/2021 ASB Library Collections   297.01 AHR 104559 01/19/2021 C-1 01/19/2021 Books

Powered by Koha